000 00330nam a22001457a 4500
008 210308b ||||| |||| 00| 0 eng d
020 _a9780070385627
041 _aeng
080 _29th
_a338
082 _a338
100 _a53
101 _aMEN
245 _aFoundations of Financial Management
_cBlock, S.B
942 _2udc
_cBK
999 _c55983
_d55983